[Event "25th 4NCL Congress"]
[Site "Leamington Spa, United Kingdom"]
[Date "2021.07.09"]
[Round "1.5"]
[White "Turner, Max N"]
[Black "Chan, Sheng Liang Bernard"]
[Result "1-0"]
[TimeControl "All moves in 90 minutes + 30 seconds per move"]
[WhiteElo "2222"]
[BlackElo "1852"]

1. d4 {[%clk 01:30:56]} {[%emt 00:00:03]} Nf6 {[%clk 01:30:38]} {[%emt
00:00:23]} 2. c4 {[%clk 01:31:05]} {[%emt 00:00:20]} e6 {[%clk 01:31:03]}
{[%emt 00:00:05]} 3. Nc3 {[%clk 01:31:14]} {[%emt 00:00:21]} Bb4 {[%clk
01:31:01]} {[%emt 00:00:33]} 4. e3 {[%clk 01:31:27]} {[%emt 00:00:17]} O-O
{[%clk 01:31:05]} {[%emt 00:00:26]} 5. Bd3 {[%clk 01:31:09]} {[%emt 00:00:48]}
d5 {[%clk 01:31:14]} {[%emt 00:00:21]} 6. Nge2 {[%clk 01:30:34]} {[%emt
00:01:05]} Nbd7 {[%clk 01:28:51]} {[%emt 00:02:54]} 7. O-O {[%clk 01:30:02]}
{[%emt 00:01:02]} c6 {[%clk 01:28:32]} {[%emt 00:00:50]} 8. Bd2 {[%clk
01:19:58]} {[%emt 00:10:33]} dxc4 {[%clk 01:22:56]} {[%emt 00:06:06]} 9. Bxc4
{[%clk 01:20:12]} {[%emt 00:00:16]} e5 {[%clk 01:23:15]} {[%emt 00:00:12]} 10.
Bb3 {[%clk 01:16:30]} {[%emt 00:04:12]} exd4 {[%clk 01:21:57]} {[%emt
00:01:48]} 11. exd4 {[%clk 01:12:51]} {[%emt 00:04:08]} Nb6 {[%clk 01:16:45]}
{[%emt 00:05:43]} 12. Bg5 {[%clk 01:10:55]} {[%emt 00:02:26]} Be7 {[%clk
01:15:46]} {[%emt 00:01:29]} 13. Qd2 {[%clk 00:58:10]} {[%emt 00:13:15]} Nfd5
{[%clk 01:06:32]} {[%emt 00:09:45]} 14. Bxe7 {[%clk 00:56:29]} {[%emt
00:02:11]} Nxe7 {[%clk 01:06:19]} {[%emt 00:00:43]} 15. Rad1 {[%clk 00:53:44]}
{[%emt 00:03:15]} Qd6 {[%clk 00:55:34]} {[%emt 00:11:15]} 16. Qf4 {[%clk
00:51:32]} {[%emt 00:02:42]} Qxf4 {[%clk 00:50:29]} {[%emt 00:05:35]} 17. Nxf4
{[%clk 00:51:52]} {[%emt 00:00:10]} Rd8 {[%clk 00:48:41]} {[%emt 00:02:19]} 18.
Rfe1 {[%clk 00:51:05]} {[%emt 00:01:16]} Kf8 {[%clk 00:47:40]} {[%emt
00:01:32]} 19. f3 {[%clk 00:43:15]} {[%emt 00:08:20]} Ned5 {[%clk 00:37:15]}
{[%emt 00:10:55]} 20. Ncxd5 {[%clk 00:41:14]} {[%emt 00:02:31]} Nxd5 {[%clk
00:34:40]} {[%emt 00:03:05]} 21. Bxd5 {[%clk 00:38:12]} {[%emt 00:03:31]} cxd5
{[%clk 00:35:04]} {[%emt 00:00:05]} 22. Re5 {[%clk 00:37:42]} {[%emt 00:01:01]}
Be6 {[%clk 00:32:50]} {[%emt 00:02:44]} 23. Nxe6+ {[%clk 00:34:53]} {[%emt
00:03:20]} fxe6 {[%clk 00:33:19]} {[%emt 00:00:01]} 24. Rxe6 {[%clk 00:35:14]}
{[%emt 00:00:08]} Rac8 {[%clk 00:33:42]} {[%emt 00:00:07]} 25. Rd2 {[%clk
00:35:15]} {[%emt 00:00:29]} Re8 {[%clk 00:32:43]} {[%emt 00:01:29]} 26. Rd6
{[%clk 00:34:50]} {[%emt 00:00:55]} Red8 {[%clk 00:30:15]} {[%emt 00:02:59]} 27.
Rxd8+ {[%clk 00:35:08]} {[%emt 00:00:11]} Rxd8 {[%clk 00:30:43]} {[%emt
00:00:03]} 28. Rc2 {[%clk 00:35:20]} {[%emt 00:00:17]} Rd7 {[%clk 00:30:29]}
{[%emt 00:00:44]} 29. Kf2 {[%clk 00:32:32]} {[%emt 00:03:27]} Ke7 {[%clk
00:30:33]} {[%emt 00:00:16]} 30. g4 {[%clk 00:31:52]} {[%emt 00:01:09]} Kd6
{[%clk 00:30:15]} {[%emt 00:00:47]} 31. h4 {[%clk 00:31:45]} {[%emt 00:00:38]}
Rf7 {[%clk 00:27:59]} {[%emt 00:02:46]} 32. Rc3 {[%clk 00:29:58]} {[%emt
00:02:17]} h5 {[%clk 00:26:45]} {[%emt 00:01:44]} 33. Kg3 {[%clk 00:25:24]}
{[%emt 00:05:04]} Re7 {[%clk 00:24:23]} {[%emt 00:02:53]} 34. Rc2 {[%clk
00:18:41]} {[%emt 00:07:13]} Re1 {[%clk 00:22:37]} {[%emt 00:02:16]} 35. Rd2
{[%clk 00:18:06]} {[%emt 00:01:04]} a5 {[%clk 00:20:15]} {[%emt 00:02:53]} 36.
Kf4 {[%clk 00:18:04]} {[%emt 00:00:32]} Rf1 {[%clk 00:19:56]} {[%emt 00:00:50]}
37. Rg2 {[%clk 00:16:53]} {[%emt 00:01:40]} Ra1 {[%clk 00:15:35]} {[%emt
00:04:51]} 38. gxh5 {[%clk 00:16:16]} {[%emt 00:01:07]} b5 {[%clk 00:14:43]}
{[%emt 00:01:23]} 39. Rxg7 {[%clk 00:16:09]} {[%emt 00:00:37]} 1-0

[Event "25th 4NCL Congress"]
[Site "Leamington Spa, United Kingdom"]
[Date "2021.07.09"]
[Round "1.6"]
[White "Hurney, Kevin"]
[Black "Merriman, John"]
[Result "1/2-1/2"]
[TimeControl "All moves in 90 minutes + 30 seconds per move"]
[WhiteElo "1966"]
[BlackElo "2246"]

1. e4 {[%clk 01:30:30]} {[%emt 02:07:01]} e6 {[%clk 01:27:02]} {[%emt
00:04:04]} 2. Qe2 {[%clk 01:30:46]} {[%emt 00:00:14]} c5 {[%clk 01:26:30]}
{[%emt 00:01:02]} 3. Nf3 {[%clk 01:30:06]} {[%emt 00:01:09]} Nc6 {[%clk
01:26:25]} {[%emt 00:00:36]} 4. c3 {[%clk 01:30:23]} {[%emt 00:00:13]} Nge7
{[%clk 01:21:59]} {[%emt 00:04:57]} 5. g3 {[%clk 01:26:41]} {[%emt 00:04:12]}
g6 {[%clk 01:19:51]} {[%emt 00:02:37]} 6. Bg2 {[%clk 01:24:25]} {[%emt
00:02:46]} Bg7 {[%clk 01:19:25]} {[%emt 00:00:57]} 7. O-O {[%clk 01:23:22]}
{[%emt 00:01:33]} d5 {[%clk 01:18:36]} {[%emt 00:01:19]} 8. d3 {[%clk
01:20:47]} {[%emt 00:03:05]} b6 {[%clk 01:15:29]} {[%emt 00:03:36]} 9. Rd1
{[%clk 01:13:58]} {[%emt 00:07:20]} Ba6 {[%clk 01:11:08]} {[%emt 00:04:51]} 10.
Qc2 {[%clk 01:08:46]} {[%emt 00:05:42]} Qd7 {[%clk 01:06:39]} {[%emt 00:04:59]}
11. Bg5 {[%clk 01:00:54]} {[%emt 00:08:22]} O-O {[%clk 00:59:53]} {[%emt
00:07:16]} 12. Na3 {[%clk 00:50:08]} {[%emt 00:11:16]} h6 {[%clk 00:58:22]}
{[%emt 00:02:01]} 13. Bxe7 {[%clk 00:48:36]} {[%emt 00:02:02]} Nxe7 {[%clk
00:56:35]} {[%emt 00:02:17]} 14. exd5 {[%clk 00:45:58]} {[%emt 00:03:09]} exd5
{[%clk 00:56:23]} {[%emt 00:00:41]} 15. Re1 {[%clk 00:45:42]} {[%emt 00:00:45]}
b5 {[%clk 00:48:14]} {[%emt 00:08:39]} 16. Rad1 {[%clk 00:38:59]} {[%emt
00:07:14]} Nc6 {[%clk 00:44:12]} {[%emt 00:04:32]} 17. Qd2 {[%clk 00:35:45]}
{[%emt 00:03:44]} b4 {[%clk 00:41:45]} {[%emt 00:02:57]} 18. Nc2 {[%clk
00:34:43]} {[%emt 00:01:33]} bxc3 {[%clk 00:38:45]} {[%emt 00:03:30]} 19. bxc3
{[%clk 00:32:45]} {[%emt 00:02:28]} Rab8 {[%clk 00:32:38]} {[%emt 00:06:37]} 20.
Rb1 {[%clk 00:32:30]} {[%emt 00:00:45]} Rfe8 {[%clk 00:30:09]} {[%emt
00:03:00]} 21. d4 {[%clk 00:29:32]} {[%emt 00:03:27]} cxd4 {[%clk 00:12:44]}
{[%emt 00:17:56]} 22. Nfxd4 {[%clk 00:23:05]} {[%emt 00:06:56]} Ne5 {[%clk
00:11:33]} {[%emt 00:01:40]} 23. Ne3 {[%clk 00:22:49]} {[%emt 00:00:47]} Nc4
{[%clk 00:06:10]} {[%emt 00:05:54]} 24. Nxc4 {[%clk 00:22:32]} {[%emt
00:00:48]} Bxc4 {[%clk 00:06:09]} {[%emt 00:00:30]} 25. Bf1 {[%clk 00:15:58]}
{[%emt 00:07:04]} Qa4 {[%clk 00:04:51]} {[%emt 00:01:48]} 26. Bxc4 {[%clk
00:14:06]} {[%emt 00:02:22]} Qxc4 {[%clk 00:04:51]} {[%emt 00:00:30]} 27. Rxe8+
{[%clk 00:13:14]} {[%emt 00:01:22]} Rxe8 {[%clk 00:05:18]} {[%emt 00:00:03]} 28.
Rb4 {[%clk 00:12:06]} {[%emt 00:01:38]} Qc5 {[%clk 00:04:03]} {[%emt 00:01:45]}
29. Rb5 {[%clk 00:12:02]} {[%emt 00:00:34]} Qd6 {[%clk 00:03:42]} {[%emt
00:00:50]} 30. Nb3 {[%clk 00:08:32]} {[%emt 00:04:01]} Rd8 {[%clk 00:03:18]}
{[%emt 00:00:54]} 31. Qe3 {[%clk 00:06:21]} {[%emt 00:02:41]} Qe6 {[%clk
00:02:09]} {[%emt 00:01:39]} 32. Nd4 {[%clk 00:05:08]} {[%emt 00:01:43]} Qd7
{[%clk 00:01:36]} {[%emt 00:01:03]} 33. Qd3 {[%clk 00:05:06]} {[%emt 00:00:32]}
Re8 {[%clk 00:01:24]} {[%emt 00:00:42]} 34. Rb1 {[%clk 00:04:57]} {[%emt
00:00:39]} Re4 {[%clk 00:01:27]} {[%emt 00:00:26]} 35. Nb3 {[%clk 00:03:21]}
{[%emt 00:02:07]} Rc4 {[%clk 00:00:42]} {[%emt 00:01:16]} 36. Rd1 {[%clk
00:03:39]} {[%emt 00:00:11]} Rxc3 {[%clk 00:00:37]} {[%emt 00:00:37]} 37. Qxd5
{[%clk 00:04:00]} {[%emt 00:00:08]} Qxd5 {[%clk 00:00:37]} {[%emt 00:00:30]} 38.
Rxd5 {[%clk 00:04:22]} {[%emt 00:00:08]} Rc7 {[%clk 00:01:03]} {[%emt
00:00:06]} 39. Rd8+ {[%clk 00:04:11]} {[%emt 00:00:41]} Kh7 {[%clk 00:01:30]}
{[%emt 00:00:01]} 40. Rd5 {[%clk 00:03:57]} {[%emt 00:00:46]} Bf6 {[%clk
00:01:35]} {[%emt 00:00:25]} 41. Kf1 {[%clk 00:03:52]} {[%emt 00:00:35]} Kg7
{[%clk 00:01:59]} {[%emt 00:00:07]} 42. Ke1 {[%clk 00:03:21]} {[%emt 00:01:01]}
Kf8 {[%clk 00:00:59]} {[%emt 00:01:29]} 43. Kd2 {[%clk 00:03:23]} {[%emt
00:00:27]} Ke7 {[%clk 00:01:27]} {[%emt 00:00:03]} 44. Nc5 {[%clk 00:03:25]}
{[%emt 00:00:29]} Ke8 {[%clk 00:01:27]} {[%emt 00:00:30]} 45. Ne4 {[%clk
00:03:12]} {[%emt 00:00:43]} Be7 {[%clk 00:01:40]} {[%emt 00:00:17]} 46. Nd6+
{[%clk 00:02:44]} {[%emt 00:00:59]} Kf8 {[%emt 00:00:55]} 47. Nb5 {[%clk
00:02:39]} Rb7 {[%clk 00:02:05]} {[%emt 00:00:14]} 48. a4 {[%clk 00:01:59]}
{[%emt 00:01:09]} a6 {[%clk 00:01:41]} {[%emt 00:00:55]} 49. Nd4 {[%clk
00:02:17]} {[%emt 00:00:13]} Rb2+ {[%clk 00:00:57]} {[%emt 00:01:15]} 50. Ke3
{[%clk 00:02:21]} {[%emt 00:00:25]} Bg5+ {[%clk 00:00:50]} {[%emt 00:00:38]} 51.
f4 {[%clk 00:02:13]} {[%emt 00:00:38]} Be7 {[%clk 00:00:51]} {[%emt 00:00:29]}
52. Ra5 {[%clk 00:01:54]} {[%emt 00:00:49]} Rb6 {[%clk 00:01:08]} {[%emt
00:00:14]} 53. f5 {[%clk 00:02:07]} {[%emt 00:00:17]} Bb4 {[%clk 00:00:42]}
{[%emt 00:00:56]} 54. Rd5 {[%clk 00:02:21]} {[%emt 00:00:16]} Be7 {[%clk
00:00:45]} {[%emt 00:00:27]} 55. h4 {[%clk 00:01:37]} {[%emt 00:01:14]} Bf6
{[%clk 00:00:42]} {[%emt 00:00:33]} 56. fxg6 {[%clk 00:01:21]} {[%emt
00:00:46]} fxg6 {[%clk 00:01:07]} {[%emt 00:00:04]} 57. a5 {[%clk 00:01:42]}
{[%emt 00:00:10]} Bxd4+ {[%clk 00:00:42]} {[%emt 00:00:55]} 1/2-1/2

[Event "25th 4NCL Congress"]
[Site "Leamington Spa, United Kingdom"]
[Date "2021.07.09"]
[Round "1.7"]
[White "Makkar, Rajat"]
[Black "Cox, Toby"]
[Result "0-1"]
[TimeControl "All moves in 90 minutes + 30 seconds per move"]
[WhiteElo "2230"]
[BlackElo "1783"]

1. d4 {[%clk 01:30:33]} {[%emt 00:00:26]} e6 {[%clk 01:30:52]} {[%emt
00:00:09]} 2. Nf3 {[%clk 01:30:35]} {[%emt 00:00:28]} f5 {[%clk 01:31:02]}
{[%emt 00:00:20]} 3. Bf4 {[%clk 01:30:28]} {[%emt 00:00:36]} Nf6 {[%clk
01:30:59]} {[%emt 00:00:33]} 4. e3 {[%clk 01:30:25]} {[%emt 00:00:33]} b6
{[%clk 01:30:18]} {[%emt 00:01:12]} 5. Be2 {[%clk 01:29:33]} {[%emt 00:01:22]}
Bb7 {[%clk 01:29:27]} {[%emt 00:01:21]} 6. O-O {[%clk 01:28:52]} {[%emt
00:01:09]} Be7 {[%clk 01:28:56]} {[%emt 00:01:02]} 7. c4 {[%clk 01:26:43]}
{[%emt 00:02:40]} O-O {[%clk 01:27:39]} {[%emt 00:01:47]} 8. h3 {[%clk
01:25:14]} {[%emt 00:01:59]} Ne4 {[%clk 01:26:02]} {[%emt 00:02:07]} 9. Nfd2
{[%clk 01:22:58]} {[%emt 00:02:45]} d6 {[%clk 01:23:52]} {[%emt 00:02:41]} 10.
Nxe4 {[%clk 01:22:24]} {[%emt 00:01:04]} Bxe4 {[%clk 01:20:05]} {[%emt
00:04:17]} 11. Nc3 {[%clk 01:21:22]} {[%emt 00:01:32]} Bb7 {[%clk 01:20:26]}
{[%emt 00:00:09]} 12. Bf3 {[%clk 01:18:41]} {[%emt 00:03:10]} Bxf3 {[%clk
01:19:19]} {[%emt 00:01:36]} 13. Qxf3 {[%clk 01:18:50]} {[%emt 00:00:22]} Nd7
{[%clk 01:19:37]} {[%emt 00:00:11]} 14. e4 {[%clk 01:08:36]} {[%emt 00:10:45]}
e5 {[%clk 01:18:10]} {[%emt 00:01:57]} 15. dxe5 {[%clk 01:02:59]} {[%emt
00:06:07]} dxe5 {[%clk 01:18:34]} {[%emt 00:00:06]} 16. Bc1 {[%clk 01:00:13]}
{[%emt 00:03:15]} f4 {[%clk 01:15:54]} {[%emt 00:03:11]} 17. Rd1 {[%clk
00:55:48]} {[%emt 00:04:55]} Qe8 {[%clk 01:12:31]} {[%emt 00:03:53]} 18. Nb5
{[%clk 00:47:00]} {[%emt 00:09:18]} Bd8 {[%clk 01:10:51]} {[%emt 00:02:09]} 19.
b3 {[%clk 00:36:14]} {[%emt 00:11:17]} a6 {[%clk 01:08:49]} {[%emt 00:02:32]}
20. Nc3 {[%clk 00:35:27]} {[%emt 00:01:16]} Be7 {[%clk 01:06:14]} {[%emt
00:03:06]} 21. Nd5 {[%clk 00:34:42]} {[%emt 00:01:15]} Bd6 {[%clk 01:05:10]}
{[%emt 00:01:34]} 22. Bb2 {[%clk 00:31:53]} {[%emt 00:03:19]} Rd8 {[%clk
01:02:15]} {[%emt 00:03:25]} 23. Rac1 {[%clk 00:28:20]} {[%emt 00:04:02]} Qg6
{[%clk 00:58:11]} {[%emt 00:04:34]} 24. b4 {[%clk 00:22:25]} {[%emt 00:06:26]}
c6 {[%clk 00:48:37]} {[%emt 00:10:04]} 25. Nxb6 {[%clk 00:21:02]} {[%emt
00:01:53]} Nxb6 {[%clk 00:48:48]} {[%emt 00:00:18]} 26. c5 {[%clk 00:21:02]}
{[%emt 00:00:29]} Bc7 {[%clk 00:46:34]} {[%emt 00:02:45]} 27. cxb6 {[%clk
00:21:01]} {[%emt 00:00:32]} Bxb6 {[%clk 00:46:57]} {[%emt 00:00:07]} 28. Bxe5
{[%clk 00:19:42]} {[%emt 00:01:48]} Qe6 {[%clk 00:45:50]} {[%emt 00:01:37]} 29.
Rxd8 {[%clk 00:17:14]} {[%emt 00:02:59]} Rxd8 {[%clk 00:45:46]} {[%emt
00:00:34]} 30. Bxf4 {[%clk 00:12:50]} {[%emt 00:04:54]} Rf8 {[%clk 00:45:28]}
{[%emt 00:00:48]} 31. e5 {[%clk 00:07:23]} {[%emt 00:05:57]} Qxa2 {[%clk
00:40:49]} {[%emt 00:05:09]} 32. g3 {[%clk 00:05:22]} {[%emt 00:02:31]} g5
{[%clk 00:19:45]} {[%emt 00:21:34]} 33. Qg4 {[%clk 00:03:01]} {[%emt 00:02:50]}
Bxf2+ {[%clk 00:18:37]} {[%emt 00:01:39]} 34. Kh1 {[%clk 00:03:03]} {[%emt
00:00:28]} h6 {[%clk 00:18:02]} {[%emt 00:01:04]} 35. h4 {[%clk 00:02:25]}
{[%emt 00:01:09]} Qd5+ {[%clk 00:12:12]} {[%emt 00:06:20]} 36. Kh2 {[%clk
00:02:47]} {[%emt 00:00:08]} Bxg3+ {[%clk 00:11:58]} {[%emt 00:00:44]} 37. Qxg3
{[%clk 00:02:09]} {[%emt 00:01:08]} Rxf4 {[%clk 00:12:18]} {[%emt 00:00:10]} 38.
Rg1 {[%clk 00:01:02]} {[%emt 00:01:38]} Qxe5 {[%clk 00:11:08]} {[%emt
00:01:40]} 39. Rf1 {[%clk 00:00:40]} {[%emt 00:00:52]} Qe2+ {[%clk 00:10:49]}
{[%emt 00:00:49]} 0-1

[Event "25th 4NCL Congress"]
[Site "Leamington Spa, United Kingdom"]
[Date "2021.07.09"]
[Round "1.8"]
[White "Handley, Michael R"]
[Black "Kett, Timothy J"]
[Result "1/2-1/2"]
[TimeControl "All moves in 90 minutes + 30 seconds per move"]
[WhiteElo "1979"]
[BlackElo "2178"]

1. d4 {[%clk 01:30:55]} {[%emt 00:00:05]} d5 {[%clk 01:30:43]} {[%emt
00:00:17]} 2. c4 {[%clk 01:31:16]} {[%emt 00:00:07]} e6 {[%clk 01:31:07]}
{[%emt 00:00:07]} 3. Nf3 {[%clk 01:31:27]} {[%emt 00:00:20]} c5 {[%clk
01:31:11]} {[%emt 00:00:25]} 4. cxd5 {[%clk 01:31:51]} {[%emt 00:00:07]} exd5
{[%clk 01:31:36]} {[%emt 00:00:04]} 5. Nc3 {[%clk 01:32:19]} {[%emt 00:00:03]}
Nc6 {[%clk 01:31:53]} {[%emt 00:00:13]} 6. g3 {[%clk 01:32:45]} {[%emt
00:00:05]} Nf6 {[%clk 01:32:06]} {[%emt 00:00:15]} 7. Bg2 {[%clk 01:33:11]}
{[%emt 00:00:04]} cxd4 {[%clk 01:32:06]} {[%emt 00:00:30]} 8. Nxd4 {[%clk
01:33:35]} {[%emt 00:00:07]} Bc5 {[%clk 01:32:24]} {[%emt 00:00:11]} 9. Nb3
{[%clk 01:29:41]} {[%emt 00:04:24]} Bb6 {[%clk 01:31:39]} {[%emt 00:01:14]} 10.
Nxd5 {[%clk 01:23:36]} {[%emt 00:06:37]} Be6 {[%clk 01:31:54]} {[%emt
00:00:13]} 11. e4 {[%clk 01:15:04]} {[%emt 00:09:04]} Bxd5 {[%clk 01:26:54]}
{[%emt 00:05:28]} 12. exd5 {[%clk 01:14:25]} {[%emt 00:01:10]} Qe7+ {[%clk
01:27:10]} {[%emt 00:00:14]} 13. Qe2 {[%clk 01:11:11]} {[%emt 00:03:45]} Qxe2+
{[%clk 01:24:01]} {[%emt 00:03:39]} 14. Kxe2 {[%clk 01:11:35]} {[%emt
00:00:06]} Nb4 {[%clk 01:23:20]} {[%emt 00:01:09]} 15. Rd1 {[%clk 01:07:42]}
{[%emt 00:04:24]} O-O {[%clk 01:14:16]} {[%emt 00:09:33]} 16. h3 {[%clk
01:02:57]} {[%emt 00:05:17]} Rfe8+ {[%clk 00:59:10]} {[%emt 00:15:36]} 17. Kf1
{[%clk 01:02:05]} {[%emt 00:01:22]} Rad8 {[%clk 00:54:53]} {[%emt 00:04:47]} 18.
Bg5 {[%clk 00:58:38]} {[%emt 00:03:57]} Rd6 {[%clk 00:51:50]} {[%emt 00:03:32]}
19. Rd2 {[%clk 00:46:36]} {[%emt 00:12:34]} Ne4 {[%clk 00:31:20]} {[%emt
00:20:59]} 20. Bxe4 {[%clk 00:40:35]} {[%emt 00:06:31]} Rxe4 {[%clk 00:31:15]}
{[%emt 00:00:34]} 21. a3 {[%clk 00:39:10]} {[%emt 00:01:56]} Rxd5 {[%clk
00:26:26]} {[%emt 00:05:19]} 22. axb4 {[%clk 00:34:48]} {[%emt 00:04:52]} Rxg5
{[%clk 00:26:45]} {[%emt 00:00:10]} 23. Rxa7 {[%clk 00:35:13]} {[%emt
00:00:06]} h5 {[%clk 00:24:34]} {[%emt 00:02:40]} 24. Rxb7 {[%clk 00:34:30]}
{[%emt 00:01:14]} Rxb4 {[%clk 00:24:01]} {[%emt 00:01:02]} 25. Rd8+ {[%clk
00:33:20]} {[%emt 00:01:41]} Kh7 {[%clk 00:16:13]} {[%emt 00:08:18]} 26. Rdb8
{[%clk 00:33:31]} {[%emt 00:00:19]} Rgb5 {[%clk 00:16:31]} {[%emt 00:00:10]} 27.
Nd4 {[%clk 00:32:30]} {[%emt 00:01:33]} Rxd4 {[%clk 00:16:52]} {[%emt
00:00:08]} 28. Rxb6 {[%clk 00:32:55]} {[%emt 00:00:06]} Rc5 {[%clk 00:13:52]}
{[%emt 00:03:29]} 29. R8b7 {[%clk 00:28:03]} {[%emt 00:05:24]} h4 {[%clk
00:07:49]} {[%emt 00:06:31]} 30. Rb4 {[%clk 00:20:57]} {[%emt 00:07:37]} Rxb4
{[%clk 00:06:53]} {[%emt 00:01:25]} 31. Rxb4 {[%clk 00:20:59]} {[%emt
00:00:28]} hxg3 {[%clk 00:07:17]} {[%emt 00:00:05]} 32. fxg3 {[%clk 00:21:21]}
{[%emt 00:00:08]} Rc2 {[%clk 00:07:38]} {[%emt 00:00:09]} 1/2-1/2